Fryderyk Chopin: Scherzá

Bibliographic Details
Main Authors: Lippoldová, Viera (Author), Chopin, Fryderyk, 1810-1849 (Author)
Format: Article
Language:Slovak
Subjects:

MARC

LEADER 00000nab a2200000 a 4500
001 vtls000071206
003 SK-MaSNL
005 20260304070348.0
008 250423c1980 xo 0 slo
015 |a SNBRB19rr/mm-uuuuu 
035 |a CL0081307 
035 |a urn:nbn:sk:snk-ab1u7r 
035 |a (urnnbn)urn:nbn:sk:snk:ar-a00ypd 
035 |a (uuid)6c618b4d-f37d-49c7-bbae-95e6b3d3a37f 
040 |a SNKBUCL  |b slo  |c SNKBUCL  |e AACR2 
041 0 |a slo 
044 |a xo  |c SK 
080 |a 786  |2 1981 
100 1 |a Lippoldová, Viera  |4 aut  |9 998978 
245 1 0 |a Fryderyk Chopin: Scherzá  |c Viera Lippoldová ; Fryderyk Chopin 
600 1 7 |a Chopin, Fryderyk,  |d 1810-1849  |2 snkbucl  |9 157132 
650 0 7 |a hudba pre klavír  |2 snkbucl  |9 3372 
650 0 7 |a Rubinstein, Artur  |2 snkbucl  |9 944893 
655 7 |a články z novín a časopisov  |2 snkbucl  |9 267496 
700 1 |a Chopin, Fryderyk,  |d 1810-1849  |4 aut  |9 157132 
773 0 |t Hudobný život  |g Roč. 12, č. 19 (1980), s. 5 
787 0 8 |i Rec.:  |a Chopin, Fryderyk  |t Scherzá  |d Bratislava : RCA - Opus Stereo 91100781, 1980 
850 |a Slovenská národná knižnica 
852 |a Slovenská národná knižnica 
954 |a odborná, vedecká literatúra pôvodná (slovenská)  |2 lita 
958 |a article27 
958 |a OND 
958 |a RK 
958 |a EUIPO 
992 |a RBX 
999 |c 2755421  |d 2757351